[Event "Reinstorf op"]
[Site "Reinstorf"]
[Date "2022.02.06"]
[Round "9"]
[White "Nautsch, Thomas"]
[Black "Paashaus, Detlef"]
[Result "0-1"]
[WhiteElo "1550"]
[BlackElo "2096"]
[PlyCount "100"]
[EventDate "2022.01.29"]
[EventType "swiss"]
[EventRounds "9"]
[EventCountry "GER"]
[SourceTitle "CBM 206 Extra"]
[Source "ChessBase"]
[SourceDate "2022.03.31"]
[SourceVersion "1"]
[SourceVersionDate "2022.03.31"]
[SourceQuality "1"]

1. b3 e5 2. Bb2 Nc6 3. c4 Nf6 4. Nc3 d5 5. cxd5 Nxd5 6. e3 a6 7. Nf3 Ndb4 8. d4 exd4 9. exd4 Nd5 10. a3 Be6 11. Be2 g6 12. 0-0 Bg7 13. Nxd5 Bxd5 14. Bc4 0-0 15. Bxd5 Qxd5 16. Rc1 Rac8 17. Rc5 Qd6 18. Rc2 Ne7 19. Rd2 Nd5 20. Ne5 Rcd8 21. Re1 Rfe8 22. Nf3 Kf8 23. Rde2 Nf4 24. Rxe8+ Rxe8 25. Rxe8+ Kxe8 26. Qd2 Ne6 27. b4 Qd5 28. Bc3 Qb3 29. Qc1 Bh6 30. Qe1 Kf8 31. Ne5 Qxa3 32. d5 Ng7 33. Nd7+ Kg8 34. Qe7 Qc1+ 35. Be1 Ne6 36. Kf1 Bd2 37. Nf6+ Kg7 38. Ne8+ Kh8 39. Qf6+ Kg8 40. Qe5 Qxe1+ 41. Qxe1 Bxe1 42. Kxe1 Kf8 43. dxe6 Kxe8 44. exf7+ Kxf7 45. h4 b6 46. Kd2 c5 47. bxc5 bxc5 48. Kc3 a5 49. g4 Ke6 50. f4 h5 0-1

[Event "Niedersachsen-ch op-B"]
[Site "Verden an der Aller"]
[Date "2020.01.04"]
[Round "5"]
[White "Wetjen, Fabian"]
[Black "Nautsch, Thomas"]
[Result "1-0"]
[WhiteElo "1748"]
[BlackElo "1528"]
[PlyCount "79"]
[EventDate "2020.01.02"]
[EventType "swiss"]
[EventRounds "7"]
[EventCountry "GER"]
[SourceTitle "EXT 2023"]
[Source "ChessBase"]
[SourceDate "2022.10.05"]
[SourceVersion "1"]
[SourceVersionDate "2022.10.05"]
[SourceQuality "1"]

1. d4 e6 2. Bf4 b6 3. e3 Bb7 4. Nf3 d6 5. Be2 Ne7 6. c4 Nd7 7. 0-0 g6 8. Nc3 Bg7 9. h3 a6 10. Nd2 h6 11. Bf3 Bxf3 12. Nxf3 0-0 13. Qe2 Nc6 14. Rfd1 e5 15. dxe5 Ndxe5 16. Nxe5 Nxe5 17. Rd2 Qd7 18. Nd5 Rfe8 19. Bxh6 Qc6 20. Bxg7 Kxg7 21. b3 Rh8 22. Rd4 Qd7 23. f4 Nc6 24. Rdd1 Qd8 25. Qb2+ f6 26. Rf1 Rf8 27. Rae1 Ne7 28. e4 c6 29. Ne3 Rh8 30. Ng4 Qf8 31. e5 dxe5 32. fxe5 Nf5 33. exf6+ Kg8 34. Re7 Rh7 35. Rxh7 Qc5+ 36. Kh2 Kxh7 37. Qd2 Qd6+ 38. Qxd6 Nxd6 39. Ne5 c5 40. Nd7 1-0